MDQL
is popping MORE tags! Check the
thread
!
Quizzes
Events
Quiz Creation
Community
Videos
Private Events
Remove Ads
Sign In
Join for FREE
Feedback
Dark Mode
Quiz Categories
Sports
Geography
Music
Movies
Television
Just For Fun
Miscellaneous
History
Literature
Language
Science
Gaming
Entertainment
Religion
Holiday
For Kids
Quiz Lab
Recent
Popular Today
Quiz Kudos Today
Editor Picks
Curator Picks
Quizzes by...
Day
Popularity
Type
Ratings
Length
Year
Community
Subscriptions
Recent Discussions
Orange Saloon
Badges
Playlists
Quests
Create
Leaderboards
Showdown
Live 5
Trivia Bingo
Activity
Puzzle Library
Sporcle Events
Private Events
Virtual Trivia
Globe League
Become a Host
Pub Owners
SporcleCon
Opinionation
Our Games
Videos
Blog
Mobile Apps
Partnerships
Remove Ads and Go Orange
Feedback
Miscellaneous
Crossword
General Knowledge
Baby Names
Logo
Food
Cars
Numbers
Grab Bag
University
College
Popular
Company
Slogans
Restaurants
Justice
Letter
Miscellaneous
Crossword
General Knowledge
Baby Names
Logo
Food
Cars
Numbers
Grab Bag
University
College
Popular
Company
Slogans
Restaurants
Justice
Letter
Random Quiz
Search Sporcle
×
Quiz Lab
Quiz Lab
Miscellaneous
Company
Type in answers that appear in a list
Type in answers that appear in a list
Classic
Best Score? Go Orange.
Top Companies by Sales Stats
Can you name the Top Companies by Sales?
By
MrYuk
15m
50 Questions
137 Plays
137 Plays
137 Plays
Comments
Comments
Give Quiz Kudos
Give Quiz Kudos
-
- Ratings
hide this ad
Replay
Link that replays current quiz
Next Quiz
Link to next quiz in quiz playlist
You Got
0%
They Got
Avg Score
17%
Avg Friend Score
Upgrade to see
Score Distribution
Jump to the score distribution portion of the page
Score
0/50
Timer
15:00
0
Plays Today
Rank
Company
% Correct
1
Wal-Mart Stores
80.3%
20
Ford Motor
55.5%
5
Toyota Motor
47.4%
3
ExxonMobil
46.7%
11
General Electric
46%
37
Honda Motor
43.1%
4
BP
41.6%
2
Royal Dutch Shell
38.7%
48
IBM
32.8%
12
Bank of America
30.7%
22
Hewlett-Packard
28.5%
32
Verizon Communications
28.5%
44
Samsung Electronics
26.3%
9
Chevron
24.8%
18
AT&T
24.1%
42
Wells Fargo
24.1%
23
JP Morgan Chase
21.9%
31
Citigroup
21.2%
36
HSBC Holdings
16.8%
45
Nestlé
16.8%
8
Total
14.6%
14
ConocoPhillips
13.9%
28
Daimler
13.1%
46
American International Group
13.1%
26
Berkshire Hathaway
11.7%
Rank
Company
% Correct
27
Siemens
11.7%
41
CVS Caremark
11.7%
24
Gazprom
10.2%
35
Petrobras-Petróleo Brasil
9.5%
6
Sinopec-China Petroleum
8.8%
7
ING Group
8%
10
PetroChina
8%
15
Allianz
8%
40
BNP Paribas
7.3%
16
Carrefour Group
6.6%
13
AXA Group
5.8%
19
ENI
5.8%
21
E.ON
5.1%
38
Hitachi
4.4%
29
Banco Santander
2.9%
25
GDF Suez
2.2%
30
McKesson
2.2%
33
Nippon Telegraph & Telephone
2.2%
50
Royal Bank of Scotland
2.2%
17
Generali Group
1.5%
47
Aviva
1.5%
49
EDF Group
1.5%
34
Lloyds Banking Group
0.7%
39
Cardinal Health
0.7%
43
Dexia
0.7%
Quiz Playlist
Details
Report
Send in Message
Add To Playlist
Classic:
Type in answers that appear in a list
Quiz Source
Last Updated: Feb 16, 2017
Quiz Scoreboard
CHALLENGE
Sign Up to Join the Scoreboard
Show All
Scores
Hide
Comments
May contain spoilers
Recently Published
Find the 'City' Movie
by crazypaving
Movies
60s
5x2 Blitz: Bands
by SL_Kpop136
Music
30s
Colored Red Africa Blitz
by spor1
Geography
30s
More to Explore
Quiz From the Vault
Featured Blog Post
14 Easter Pick-up Lines to Find Eggs With
hide this ad
You Might Also Like...
Tags
Company Quiz
billion
business
Forbes Magazine
sale
Today's Top Quizzes in Miscellaneous
Browse Miscellaneous
hide this ad
Today's Top Quizzes in Company
Browse Company
Top Contributed Quizzes in Miscellaneous
1
5-to-1: Fast Food
2
The JOE quick-fire general knowledge quiz: Day 174
3
9x9 Crossword: Disney Movie Titles
4
9x9 Crossword: Charlie and the Chocolate Factory
5
9x9 Crossword: Pixar Movie Titles
6
9x9 Crossword: Flags
7
9x9 Crossword: 2022 Movies
8
9x9 Crossword: Nickelodeon
9
9x9 Crossword: Actors
10
9x9 Crossword: Halloween
Explore More
Trending Topics
Crossword
NBA
Marvel
Anime
Disney
Kpop
Harry Potter
Puzzle
The Office
Soccer
Pokémon
Song
NFL
WWE
Country
hide this ad
More By:
MrYuk
Quiz
Plays
Rating
Category
Featured
Created
Top Companies by Sales
137
3.00
Miscellaneous
Feb 24, 2011
Go to Creator's Profile
Score Distribution
Quiz Creator Spotlight
MrYuk
Follow
Send a Message
Quizzes Created
-
Created Quiz Play Count
-
More By This Creator
Popular Quizzes Today
1
Colored Red Africa Blitz
2
Find the US States - No Outlines Minefield
3
Find the 'City' Movie
4
5x2 Blitz: Bands
5
The Countries of the World
6
Find the US States
7
US States
8
9x9 Crossword: Cartoon Network
More Miscellaneous Quizzes
Mobile Apps Match
Editor's Pick
Trending Quizzes
Colored Red Europe Blitz I
Colored Red Europe Blitz II
Colored Red Africa Blitz II
Colored Red Europe Blitz III
Colored Red Africa Blitz III
Recently Updated
Godzilla Movies
pecheneg
Grab Bag: 4-10 Letters
pecheneg
2024 March Madness Bracket
pecheneg
Famous TV Couples
Peacemaker
Champions League XIs: Real Madrid
pecheneg
Largest US Cities 1790-2010
pecheneg
Rides in Walt Disney World
pecheneg
Most Oscar Losses (Acting)
pecheneg
Beyoncé Albums
pecheneg
Leaping Animals
pecheneg
Trending Topics
Crossword
Marvel
Anime
Disney
NBA
Harry Potter
Kpop
Puzzle
The Office
Soccer
Song
NFL
Country
Pokémon
WWE
Your Account Isn't Verified!
In order to create a playlist on Sporcle, you need to verify the email address you used during registration. Go to your
Sporcle Settings
to finish the process.
Report this User
Report this user for behavior that violates our
Community Guidelines
.
Details:
Send Report
Go to the Sporcle.com Mobile Site →
Comments